00469cam a22001097a 4500008004000000082002400040245011300064260006200177300001200239650005600251700005200307180718b1970 xxu||||| |||| 00| 0 eng d aP065x5431 In2 65-66 aEducational statistics district-wise 1965-66: Jammu and Kashmircby Ministry Of Educational & Youth Services aNew DelhibMinistry Of Educational & Youth Servicesc1970 aV6, 76p aEducation - Statistics - India - Jammu and Kashmir. aIndia. Ministry Of Educational & Youth Services